| 000 | 00805nam a22002897a 4500 | ||
|---|---|---|---|
| 003 | CHAP | ||
| 005 | 20220817042102.0 | ||
| 008 | 971013s1968 r 00010 d | ||
| 010 | _a34118 | ||
| 011 | _a35090 | ||
| 035 | _a39206 | ||
| 040 | _cCHAP | ||
| 082 |
_a331.81 _bO5 |
||
| 110 |
_aOficina Internacional del Trabajo _982806 |
||
| 245 | _aVacacione pagadas | ||
| 260 |
_aGinebra : _bOIT, _c1968 |
||
| 300 | _a103 p. | ||
| 490 |
_aInforme VI _v; 1 |
||
| 590 |
_aBATCH-UPD _b10 _c20130110 _lUCH01 _h1938 |
||
| 590 |
_aCONVERSION _b10 _c20130109 _lUCH01 _h1319 |
||
| 650 | 1 | 4 | _aTrabajo y trabajadores. |
| 650 | 1 | 4 |
_aVacaciones de empleados. _9117170 |
| 830 | 0 |
_aInforme VI _v; 1 _958145 |
|
| 901 | _aBK | ||
| 942 | _cLIBRO | ||
| 949 |
_a331.81 O5 _bBC _cLIBRO _d33724000326625 _eLIBRO _h12341 _i39206 _si |
||
| 999 |
_c34118 _d34118 |
||